| 000 | 00404cam a2200145ua 4500 | ||
|---|---|---|---|
| 041 |
_aeng _h |
||
| 082 |
_a636.5 _bROG/PR |
||
| 100 | _aRoger, Campbell K E. | ||
| 245 |
_aProfitable poultry keeping in India and the east / _cCampbell Roger K E. _hTextual Documents |
||
| 260 |
_aMumbai : _bD B Taraporevala sons & Co. Pvt. Ltd.. |
||
| 300 | _a234 ; . | ||
| 504 | _a | ||
| 942 | _cBK | ||
| 999 |
_c6104 _d6104 |
||